[Event "Goch op 23rd"]
[Site "Goch"]
[Date "2012.09.02"]
[Round "6"]
[White "Mueller, Markus"]
[Black "Osbild, Reiner"]
[Result "0-1"]
[WhiteElo "2208"]
[BlackElo "1998"]
[PlyCount "146"]
[EventDate "2012.08.30"]
[EventType "swiss"]
[EventRounds "7"]
[EventCountry "GER"]
[SourceTitle "EXT 2015"]
[Source "ChessBase"]
[SourceDate "2014.11.20"]
[SourceVersion "1"]
[SourceVersionDate "2014.11.20"]
[SourceQuality "1"]

1. e4 d5 2. exd5 Nf6 3. Bb5+ c6 4. dxc6 bxc6 5. Bc4 e5 6. Qe2 Bd6 7. d3 0-0 8. Nc3 Bg4 9. Nf3 Nbd7 10. h3 Bh5 11. Ne4 Nxe4 12. dxe4 Nb6 13. Bb3 a5 14. a3 a4 15. Ba2 Qc7 16. g4 Bg6 17. Nh4 Kh8 18. Nxg6+ fxg6 19. h4 Bc5 20. Be3 Bxe3 21. Qxe3 Rf4 22. h5 g5 23. f3 Rd8 24. 0-0 Nd7 25. Rad1 Nf6 26. Qc5 Nxg4 27. fxg4 Rxg4+ 28. Kh2 Rh4+ 29. Kg3 Rf4 30. Rxd8+ Qxd8 31. Rxf4 gxf4+ 32. Kg2 Qd2+ 33. Qf2 Qd1 34. Be6 Qxh5 35. Bh3 g5 36. Qf3 Qg6 37. Bg4 Qd6 38. Qd1 Qe7 39. Qd3 h6 40. b3 axb3 41. Qxb3 Qc5 42. Qb8+ Kg7 43. Qc7+ Kg6 44. Bd1 Qc3 45. Qd6+ Kg7 46. Bf3 Qxc2+ 47. Kh3 Qf2 48. Qxe5+ Kg8 49. Qe6+ Kg7 50. Qe7+ Kg8 51. Qe6+ Kg7 52. Qg4 c5 53. e5 Qf1+ 54. Kh2 Qf2+ 55. Bg2 Qb2 56. Qd7+ Kg6 57. Qe6+ Kh5 58. Qh3+ Kg6 59. Qd3+ Kh5 60. e6 Qe5 61. Qh3+ Kg6 62. Bf3 Qb2+ 63. Kg1 Qd4+ 64. Kf1 Qd3+ 65. Kg1 Qe3+ 66. Kh2 Qf2+ 67. Qg2 Qh4+ 68. Qh3 Qf2+ 69. Bg2 Qe2 70. Qb3 g4 71. Qb8 g3+ 72. Kg1 Qe1+ 73. Bf1 Qf2+ 0-1

[Event "Goch op 23rd"]
[Site "Goch"]
[Date "2012.08.30"]
[Round "1"]
[White "Osbild, Reiner"]
[Black "Putzmann, Alexander"]
[Result "1-0"]
[WhiteElo "1998"]
[BlackElo "1361"]
[PlyCount "37"]
[EventDate "2012.08.30"]
[EventType "swiss"]
[EventRounds "7"]
[EventCountry "GER"]
[SourceTitle "EXT 2015"]
[Source "ChessBase"]
[SourceDate "2014.11.20"]
[SourceVersion "1"]
[SourceVersionDate "2014.11.20"]
[SourceQuality "1"]

1. e4 c5 2. Nf3 Nc6 3. Nc3 g6 4. d4 cxd4 5. Nxd4 Bg7 6. Be3 Nf6 7. Nxc6 bxc6 8. e5 Ng8 9. f4 Qa5 10. Bc4 d6 11. 0-0 dxe5 12. Bxf7+ Kxf7 13. fxe5+ Ke8 14. Qf3 Kd7 15. b4 Qxb4 16. e6+ Kd6 17. Rad1+ Ke5 18. Rd5+ Kxe6 19. Qf7# 1-0

[Event "Goch op 22nd"]
[Site "Goch"]
[Date "2011.09.30"]
[Round "2"]
[White "Coenen, Michael"]
[Black "Osbild, Reiner"]
[Result "1-0"]
[WhiteElo "2326"]
[BlackElo "2012"]
[PlyCount "63"]
[EventDate "2011.09.29"]
[EventType "swiss"]
[EventRounds "7"]
[EventCountry "GER"]
[SourceTitle "EXT 2014"]
[Source "ChessBase"]
[SourceDate "2013.11.20"]
[SourceVersion "1"]
[SourceVersionDate "2013.11.20"]
[SourceQuality "1"]

1. e4 e5 2. Nf3 Nc6 3. Bb5 a6 4. Bxc6 dxc6 5. 0-0 Bg4 6. d3 Bc5 7. h3 Bxf3 8. Qxf3 Ne7 9. Nd2 Qd7 10. Nc4 f6 11. Rd1 0-0-0 12. c3 h5 13. b4 Bd6 14. a4 g5 15. Qe3 Kb8 16. Ba3 f5 17. d4 f4 18. Qd3 Qe6 19. Nxd6 cxd6 20. b5 cxb5 21. axb5 a5 22. dxe5 Nc8 23. Bxd6+ Nxd6 24. exd6 Rh6 25. Rxa5 Rxd6 26. Qxd6+ Qxd6 27. Rxd6 Rxd6 28. b6 g4 29. Rxh5 Rxb6 30. hxg4 Rc6 31. g5 Rg6 32. Kh2 1-0

[Event "NRW Class1 0910"]
[Site "Germany"]
[Date "2009.10.25"]
[Round "2.6"]
[White "Becker, Joerg1111"]
[Black "Osbild, Reiner"]
[Result "0-1"]
[WhiteElo "2215"]
[BlackElo "1970"]
[PlyCount "64"]
[EventDate "2009.09.20"]
[EventType "team-tourn"]
[EventRounds "9"]
[EventCountry "GER"]
[SourceTitle "EXT 2011"]
[Source "ChessBase"]
[SourceDate "2010.11.26"]
[SourceVersion "1"]
[SourceVersionDate "2010.11.26"]
[SourceQuality "1"]
[WhiteTeam "Herne Sodingen"]
[BlackTeam "Rheydt"]
[WhiteTeamCountry "GER"]
[BlackTeamCountry "GER"]

1. d4 Nf6 2. Nf3 d5 3. Bg5 Bf5 4. e3 e6 5. Nbd2 Be7 6. c4 Ne4 7. Bxe7 Qxe7 8. Nxe4 dxe4 9. Nd2 Nd7 10. g4 Bg6 11. h4 h5 12. g5 e5 13. d5 a5 14. Qc2 Nc5 15. 0-0-0 a4 16. Qc3 0-0 17. Be2 f5 18. gxf6 Rxf6 19. Rhg1 Rxf2 20. Rxg6 Rxe2 21. Rdg1 Nd3+ 22. Kd1 Rxe3 23. Qc2 Qxh4 24. Qb1 Re1+ 25. Rxe1 Qxe1+ 26. Kc2 e3 27. Kxd3 exd2 28. Rg1 e4+ 29. Kd4 c5+ 30. dxc6 Rd8+ 31. Kc5 Qxb1 32. Rxb1 bxc6 0-1

[Event "Goch op 20th"]
[Site "Goch"]
[Date "2009.10.04"]
[Round "7"]
[White "Aymans, Rainer"]
[Black "Osbild, Reiner"]
[Result "1/2-1/2"]
[WhiteElo "1721"]
[BlackElo "1970"]
[PlyCount "43"]
[EventDate "2009.10.01"]
[EventType "swiss"]
[EventRounds "7"]
[EventCountry "GER"]
[SourceTitle "EXT 2011"]
[Source "ChessBase"]
[SourceDate "2010.11.26"]
[SourceVersion "1"]
[SourceVersionDate "2010.11.26"]
[SourceQuality "1"]

1. Nf3 d5 2. c4 d4 3. d3 c5 4. g3 Nc6 5. Bg2 Nf6 6. 0-0 g6 7. Re1 Bg7 8. Nbd2 0-0 9. a3 Qd6 10. Rb1 e5 11. Ng5 Bf5 12. Nde4 Nxe4 13. Nxe4 Bxe4 14. Bxe4 Rab8 15. Bd2 f5 16. Bd5+ Kh8 17. b4 b6 18. f4 exf4 19. Bxf4 Be5 20. bxc5 bxc5 21. Qd2 Ne7 22. Bg2 1/2-1/2

[Event "Goch op 20th"]
[Site "Goch"]
[Date "2009.10.03"]
[Round "4"]
[White "Woudsma, Martijn"]
[Black "Osbild, Reiner"]
[Result "1-0"]
[WhiteElo "2127"]
[BlackElo "1970"]
[PlyCount "59"]
[EventDate "2009.10.01"]
[EventType "swiss"]
[EventRounds "7"]
[EventCountry "GER"]
[SourceTitle "EXT 2011"]
[Source "ChessBase"]
[SourceDate "2010.11.26"]
[SourceVersion "1"]
[SourceVersionDate "2010.11.26"]
[SourceQuality "1"]

1. e4 c6 2. d4 d5 3. Nc3 dxe4 4. Nxe4 Nf6 5. Nxf6+ gxf6 6. Bc4 e6 7. Be3 Nd7 8. Qh5 Nb6 9. Bb3 a5 10. a4 Nd5 11. Ne2 Bb4+ 12. c3 Bd6 13. Bc2 Nxe3 14. fxe3 Qb6 15. 0-0-0 Bd7 16. Rhf1 Qd8 17. Rf2 b5 18. Rdf1 Be7 19. Ng3 b4 20. Rxf6 Bxf6 21. Ne4 Ke7 22. Rxf6 Be8 23. Qg5 Kf8 24. Nc5 Qd5 25. Nxe6+ Qxe6 26. Rxe6 fxe6 27. Qf6+ Kg8 28. Bb3 Bf7 29. Bxe6 Rf8 30. Qg5# 1-0

[Event "Dortmund op"]
[Site "Dortmund"]
[Date "2009.07.06"]
[Round "3"]
[White "Kelbling, Philipp"]
[Black "Osbild, Reiner"]
[Result "1-0"]
[WhiteElo "2080"]
[BlackElo "1860"]
[PlyCount "109"]
[EventDate "2009.07.04"]
[EventType "swiss"]
[EventRounds "9"]
[EventCountry "GER"]
[SourceTitle "CBM 131 Extra"]
[Source "ChessBase"]
[SourceDate "2009.09.03"]
[SourceVersion "2"]
[SourceVersionDate "2009.09.16"]
[SourceQuality "1"]

1. e4 c6 2. Nc3 d5 3. Nf3 Bg4 4. h3 Bxf3 5. Qxf3 e6 6. d3 Nd7 7. g3 Bb4 8. Bd2 d4 9. Nb1 Bxd2+ 10. Nxd2 Qa5 11. Bg2 Ngf6 12. Qe2 e5 13. 0-0 0-0 14. Kh2 Rac8 15. f4 Qc7 16. f5 Ne8 17. h4 f6 18. Bf3 b5 19. b3 c5 20. g4 Nd6 21. a4 a6 22. axb5 axb5 23. g5 c4 24. bxc4 bxc4 25. Rg1 cxd3 26. cxd3 Nb5 27. Qg2 Nc5 28. Be2 Nc3 29. Bf1 Rb8 30. Nc4 Kh8 31. Qg3 Rb4 32. Ra5 fxg5 33. Qxe5 Rb2+ 34. Kh3 Qxe5 35. Nxe5 N3xe4 36. dxe4 Nxe4 37. hxg5 Rc8 38. Bc4 Nd6 39. Nf7+ Nxf7 40. Bxf7 d3 41. Rd1 Rd8 42. Rd5 Rxd5 43. Bxd5 d2 44. Kg3 g6 45. f6 h5 46. gxh6 Kh7 47. f7 Rb8 48. Rxd2 Kxh6 49. Kf4 Kg7 50. Re2 g5+ 51. Ke5 Kf8 52. Rg2 Rb1 53. Rxg5 Re1+ 54. Kd6 Rg1 55. Rg8+ 1-0

[Event "Dortmund op"]
[Site "Dortmund"]
[Date "2009.07.04"]
[Round "1"]
[White "Hobusch, Alexander"]
[Black "Osbild, Reiner"]
[Result "1-0"]
[WhiteElo "2103"]
[BlackElo "1860"]
[PlyCount "79"]
[EventDate "2009.07.04"]
[EventType "swiss"]
[EventRounds "9"]
[EventCountry "GER"]
[SourceTitle "CBM 131 Extra"]
[Source "ChessBase"]
[SourceDate "2009.09.03"]
[SourceVersion "2"]
[SourceVersionDate "2009.09.16"]
[SourceQuality "1"]

1. d4 c6 2. c4 d5 3. cxd5 cxd5 4. Nc3 Nf6 5. Nf3 Nc6 6. Bf4 a6 7. Rc1 e6 8. e3 Bd6 9. Bg3 0-0 10. Bd3 h6 11. 0-0 Bxg3 12. hxg3 Re8 13. Qb3 e5 14. dxe5 Nxe5 15. Nxe5 Rxe5 16. Rfd1 b5 17. Be2 Bb7 18. a4 Qb6 19. axb5 axb5 20. Qxb5 Qxb5 21. Bxb5 Ra5 22. Ra1 Rxa1 23. Rxa1 Ne4 24. Ra7 Nd6 25. Bd3 d4 26. exd4 Re1+ 27. Kh2 g6 28. g4 Kg7 29. d5 Bc8 30. Nb5 Nxb5 31. Bxb5 Bxg4 32. f3 Bf5 33. g4 Bxg4 34. fxg4 Re5 35. Bc4 Re4 36. b3 Rd4 37. Kg3 g5 38. Ra6 h5 39. gxh5 f5 40. Rg6+ 1-0